000
00324nam a22001337a 4500
008
171226b xxu||||| |||| 00| 0 eng d
041
_a
eng
080
_a
611.085
082
_a
611.085
100
_a
9
101
_a
HIS
245
_a
CYTOLOGY OF NON-GYNAECOLOGICAL SITES
_c
RIOTTON,G
942
_2
udc
_c
BK
999
_c
39421
_d
39421